[Event "Wroclaw Anderssen Memorial op-B"]
[Site "Wroclaw"]
[Date "2023.??.??"]
[Round "2"]
[White "Szydziak, Damian"]
[Black "Wruk, Aleksander"]
[Result "0-1"]
[WhiteElo "1225"]
[BlackElo "1428"]
[PlyCount "74"]
[EventDate "2023.08.06"]
[EventType "swiss"]
[EventRounds "9"]
[EventCountry "POL"]
[SourceTitle "EXT 2024"]
[Source "ChessBase"]
[SourceDate "2023.10.10"]
[SourceVersion "1"]
[SourceVersionDate "2023.10.10"]
[SourceQuality "1"]

1. e4 c6 2. d4 d5 3. Nc3 a6 4. Be3 dxe4 5. Nxe4 Nf6 6. Bd3 g6 7. Nxf6+ exf6 8. Ne2 Bg7 9. c3 Nd7 10. Qd2 Nb6 11. Bh6 Bxh6 12. Qxh6 Be6 13. Qg7 Kd7 14. Qh6 Qe7 15. 0-0 Rae8 16. Qd2 h5 17. Rfe1 Qd6 18. b3 Kc8 19. c4 Nd7 20. b4 h4 21. h3 g5 22. d5 cxd5 23. cxd5 Qxd5 24. Nc3 Qd4 25. Rac1 Kb8 26. Re4 Qb6 27. Qe2 Ne5 28. Rxe5 fxe5 29. Qxe5+ Ka8 30. Na4 Qd8 31. Qc3 Bd7 32. b5 Bxb5 33. Bxb5 axb5 34. Nc5 Rh6 35. Qa3+ Kb8 36. Qf3 Re7 37. Rd1 Rd6 0-1